Boy from the North Country / Sam Sussman.
Available copies
- 2 of 2 copies available at LARL/NWRL Consortium.
- 2 of 2 copies available at Lake Agassiz Regional Library. (Show preferred library)
Current holds
0 current holds with 2 total copies.
Show Only Available Copies
| Location | Call Number / Copy Notes | Barcode | Shelving Location | Status | Due Date |
|---|---|---|---|---|---|
| Moorhead Public Library | SUS (Text) | 33500014277669 | New | Available | - |
| Moorhead Public Library | SUS (Text) | 33500014277677 | New | Available | - |
Record details
- ISBN: 9780593835050
- ISBN: 0593835050
- Physical Description: 325 pages ; 24 cm
- Publisher: New York : Penguin Press, 2025.
Content descriptions
| Summary, etc.: | "An auto-fictional novel about the courage and ... Read More When 26-year-old Evan Klausner is suddenly called ... Read More |
Search for related items by subject
| Subject: | Dylan, Bob, 1941- > Fiction. Mothers and sons > Fiction. Family secrets > Fiction. Cancer > Patients > Fiction. Paternity > Fiction. Motherhood > Fiction. |
| Genre: | Autobiographical fiction. Bildungsromans. Domestic fiction. Autobiographical fiction. Bildungsromans. Domestic fiction. Novels. |
| LDR | 03270cam a22005898i 4500 | ||
|---|---|---|---|
| 001 | 464237 | ||
| 003 | LARL_NWRL_CONSORTIUM | ||
| 005 | 20250915183830.0 | ||
| 008 | 241024s2025 nyu e 000 1 eng | ||
| 010 | . | ‡a 2024050167 | |
| 040 | . | ‡aDLC ‡beng ‡erda ‡cDLC ‡dIG# ‡dOCLCO ‡dBDX ‡dYDX ‡dOCLCL ‡dIEB ‡dRNL ‡dJAS ‡dOCLCO ‡dYU6 ‡dIUK ‡dHEV | |
| 019 | . | ‡a1484542536 | |
| 020 | . | ‡a9780593835050 ‡q(hardcover) | |
| 020 | . | ‡a0593835050 ‡q(hardcover) | |
| 020 | . | ‡z9780593835067 ‡q(ebook) | |
| 035 | . | ‡a(OCoLC)1468587092 ‡z(OCoLC)1484542536 | |
| 042 | . | ‡apcc | |
| 082 | 0 | 0. | ‡a813/.6 ‡223/eng/20241112 ‡1https://id.oclc.org/worldcat/ddc/E3qfYbMxFWYckDv9XcrydTCjh8 |
| 100 | 1 | . | ‡aSussman, Sam Evan, ‡eauthor. |
| 245 | 1 | 0. | ‡aBoy from the North Country / ‡cSam Sussman. |
| 264 | 1. | ‡aNew York : ‡bPenguin Press, ‡c2025. | |
| 300 | . | ‡a325 pages ; ‡c24 cm | |
| 336 | . | ‡atext ‡btxt ‡2rdacontent | |
| 337 | . | ‡aunmediated ‡bn ‡2rdamedia | |
| 338 | . | ‡avolume ‡bnc ‡2rdacarrier | |
| 520 | . | ‡a"An auto-fictional novel about the courage and resilience of motherhood as well as a window into the life of Bob Dylan at a peak moment of his creative output."-- ‡cProvided by publisher. | |
| 520 | . | ‡aWhen 26-year-old Evan Klausner is suddenly called home to the secluded farmhouse where he was raised alone by his mother June, there is so much he does not yet know. He doesn't know his mother is dying; whether his biological father might really be Bob Dylan, whom Evan has revered since he was a teenager, and to whom Evan always has been told he bears an uncanny resemblance; the secrets of his mother's life before he was born and what really drove her to this remote place, where he was brought up to believe in the healing, cathartic power of stories and, above all, of love. In this heartbreaking jewelbox of a debut novel, Sam Sussman writes one of the most tender and devastating mother-son relationships of our era. Caring for his mother in real time, helplessly watching her fail even as she finally begins to tell him the truths he has waited so long to hear, Evan comes to understand what a gift this extraordinary woman has bequeathed him. | |
| 600 | 1 | 0. | ‡aDylan, Bob, ‡d1941- ‡vFiction. |
| 650 | 0. | ‡aMothers and sons ‡vFiction. ‡0(LARL_NWRL_CONSORTIUM)166024 | |
| 650 | 0. | ‡aFamily secrets ‡vFiction. ‡0(LARL_NWRL_CONSORTIUM)164948 | |
| 650 | 0. | ‡aCancer ‡xPatients ‡vFiction. ‡0(LARL_NWRL_CONSORTIUM)164050 | |
| 650 | 0. | ‡aPaternity ‡vFiction. ‡0(LARL_NWRL_CONSORTIUM)173968 | |
| 650 | 0. | ‡aMotherhood ‡vFiction. ‡0(LARL_NWRL_CONSORTIUM)166093 | |
| 655 | 0. | ‡aAutobiographical fiction. | |
| 655 | 0. | ‡aBildungsromans. | |
| 655 | 0. | ‡aDomestic fiction. | |
| 655 | 7. | ‡aAutobiographical fiction. ‡2lcgft | |
| 655 | 7. | ‡aBildungsromans. ‡2lcgft | |
| 655 | 7. | ‡aDomestic fiction. ‡2lcgft | |
| 655 | 7. | ‡aNovels. ‡2lcgft | |
| 776 | 0 | 8. | ‡iOnline version: ‡aSussman, Sam Evan. ‡tBoy from the North Country ‡dNew York : Penguin Press, 2025 ‡z9780593835067 ‡w(DLC) 2024050168 |
| 901 | . | ‡a464237 ‡bOCoLC ‡c464237 ‡tbiblio ‡soclc | |

Add to basket
Permalink
Disable Highlighting